000 00325nam a22001457a 4500
008 230601b ||||| |||| 00| 0 eng d
020 _a9781285914268
041 _aeng
080 _210TH EDITION
_a51
082 _a51BEL
100 _a23
101 _aMATE
245 _aCONTEMPORARY MATHEMATICS
_cBELLO
942 _2udc
_cBK
999 _c59894
_d59894